000 00606nam a2200193Ia 4500
999 _c41518
_d41518
003 GCL
005 20240530103651.0
008 140319s9999 xx 000 0 ara d
040 _aGCL /
_cGCL
082 0 4 _a953.101
_bح ح
100 1 _aحسين خلف الشيخ خزعل
245 1 0 _aحياة الشيخ محمد عبدالوهاب /
_cحسين خلف الشيخ خزعل
260 _aبيروت :
_bمطابع دار الكتب،
300 _a454 ص
650 0 4 _aتاريخ
650 0 4 _aشبه الجزيرة العربية
650 0 4 _aمحمد بن عبدالوهاب
942 _2ddc
_cBK